[Event "Ready For The Spring Warmth"]
[Site "SchemingMind.com"]
[Date "2013.03.26"]
[Round "-"]
[White "ray winteringham"]
[Black "Mitch The Man"]
[Result "0-1"]
[WhiteCountry "ENG"]
[BlackCountry "USA"]
[WhiteElo "1514"]
[WhiteRD "50"]
[BlackElo "1386"]
[BlackRD "65"]
[GameID "329213"]

1. e4 e5 2. Nf3 d6 3. Bc4 Qe7 4. O-O h6 5. h3 Be6 6. b3 Bxc4 7. bxc4 g6 8. Bb2 Nf6 9. d3 Bg7 10. Nc3 O-O
11. Ne2 c5 12. c3 a6 13. d4 Nxe4 14. d5 Ng5 15. Nh2 Nd7 16. Qc2 Nb6 17. Rae1 Nxc4 18. f4 Ne3 19. Qb1 Nxf1 20. Rxf1 exf4
21. Nxf4 Qe3+ 22. Kh1 Bxc3 23. Ng4 Qd4 24. Ne2 Qxd5 25. Nf6+ Bxf6 26. Bxf6 Nxh3 27. Qc1 g5 28. Kh2 Nf4 29. Nxf4 gxf4 30. Qxf4 Qh5+
31. Kg1 Qg6 32. Be7 Rfe8 33. Bxd6 c4 34. Qxc4 Rac8 35. Qd5 Rcd8 36. Qb3 Rxd6 37. Rf3 Re1+ 38. Kh2 Qh5+ 39. Rh3 Qe5+ 40. Qg3+ Qxg3+
41. Rxg3+ Rg6 42. Rd3 Re2
0-1

[Event "Ready For The Spring Warmth"]
[Site "SchemingMind.com"]
[Date "2013.03.26"]
[Round "-"]
[White "Mitch The Man"]
[Black "ray winteringham"]
[Result "0-1"]
[WhiteCountry "USA"]
[BlackCountry "ENG"]
[WhiteElo "1386"]
[WhiteRD "65"]
[BlackElo "1514"]
[BlackRD "50"]
[GameID "329214"]

1. e4 e5 2. Nf3 Nc6 3. c3 g6 4. h3 Bg7 5. Bc4 h6 6. O-O Nf6 7. b4 a6 8. d3 d5 9. exd5 Ne7 10. Nxe5 Nfxd5
11. Bb2 Bxe5 12. d4 Bd6 13. Bxd5 Nxd5 14. a3 Qg5 15. Re1+ Be6 16. c4 Nf4 17. d5 Nxh3+ 18. Kf1 Nxf2 19. Qe2 Bg3 20. Bxh8 O-O-O
21. dxe6 Qh4
0-1

[Event "Ready For The Spring Warmth"]
[Site "SchemingMind.com"]
[Date "2013.04.21"]
[Round "-"]
[White "eun77"]
[Black "Mitch The Man"]
[Result "0-1"]
[WhiteCountry "ISR"]
[BlackCountry "USA"]
[WhiteElo "1372"]
[WhiteRD "62"]
[BlackElo "1363"]
[BlackRD "64"]
[GameID "330723"]

1. d4 d5 2. e3 f5 3. Nf3 g6 4. Be2 Bg7 5. O-O a6 6. Ne5 Bxe5 7. dxe5 Nh6 8. h3 Be6 9. f4 O-O 10. Nd2 Nf7
11. Nf3 c5 12. c3 b5 13. b3 h6 14. Rb1 Nd7 15. a3 Nb8
0-1

[Event "Ready For The Spring Warmth"]
[Site "SchemingMind.com"]
[Date "2013.04.21"]
[Round "-"]
[White "eun77"]
[Black "ray winteringham"]
[Result "0-1"]
[WhiteCountry "ISR"]
[BlackCountry "ENG"]
[WhiteElo "1372"]
[WhiteRD "62"]
[BlackElo "1583"]
[BlackRD "47"]
[GameID "330724"]

1. c4 Nf6 2. d3 h6 3. e4 e5 4. Nf3 Nc6 5. Be2 Bb4+ 6. Bd2 d6 7. Bxb4 Nxb4 8. a3 Nc6 9. O-O Be6 10. h3 O-O
11. Nh2 Nd4 12. Nf3 c5 13. Nxd4 cxd4 14. Nd2 Nd7 15. Bg4 f5 16. exf5 Bxf5 17. Bxf5 Rxf5 18. Nf3 Nc5 19. Re1 Qd7 20. Nh2 Raf8
21. f3 Rg5 22. Kh1 Na4
0-1

[Event "Ready For The Spring Warmth"]
[Site "SchemingMind.com"]
[Date "2013.04.22"]
[Round "-"]
[White "Mitch The Man"]
[Black "eun77"]
[Result "1-0"]
[WhiteCountry "USA"]
[BlackCountry "ISR"]
[WhiteElo "1363"]
[WhiteRD "64"]
[BlackElo "1372"]
[BlackRD "62"]
[GameID "330725"]

1. e4 e5 2. Nf3 d6 3. h3 Nf6 4. d3 h6 5. Be2 Be7 6. O-O O-O 7. c4 Nh7 8. b4 Bg5 9. Nxg5 Nxg5 10. Bxg5 Qxg5
11. Bg4 Bxg4 12. hxg4 Nd7 13. Nc3 c6 14. f3 Qe7 15. a3
1-0

[Event "Ready For The Spring Warmth"]
[Site "SchemingMind.com"]
[Date "2013.04.22"]
[Round "-"]
[White "ray winteringham"]
[Black "eun77"]
[Result "1-0"]
[WhiteCountry "ENG"]
[BlackCountry "ISR"]
[WhiteElo "1583"]
[WhiteRD "47"]
[BlackElo "1372"]
[BlackRD "62"]
[GameID "330726"]

1. d4 d5 2. c4 c6 3. Nf3 e6 4. Nc3 h6 5. Bf4 Bb4 6. c5 Nf6 7. Bd6 Bxc3+ 8. bxc3 Ng8 9. e3 Ne7 10. Bd3 O-O
11. Ne5 Re8 12. Qh5 Rf8 13. O-O f5 14. Bxe7 Qxe7 15. Ng6 Qg5 16. Qxg5 hxg5 17. Nxf8 Kxf8 18. Rab1 g4 19. f3 gxf3 20. Rxf3 Nd7
21. Rbf1 Nf6 22. h3
1-0

[Event "Ready For The Spring Warmth"]
[Site "SchemingMind.com"]
[Date "2013.04.25"]
[Round "-"]
[White "Savage72"]
[Black "Mitch The Man"]
[Result "1-0"]
[WhiteCountry "NED"]
[BlackCountry "USA"]
[WhiteElo "1699"]
[WhiteRD "66"]
[BlackElo "1393"]
[BlackRD "67"]
[GameID "330881"]

1. e4 e5 2. Bc4 h6 3. Nf3 d6 4. d4 Qf6 5. dxe5 dxe5 6. Nc3 c6 7. Be3 Ne7 8. Qd2 Nd7 9. O-O-O g6 10. h4 Bg7
11. Bb3 O-O 12. Ne2 b6 13. Ng3 Ba6 14. Qxd7 Rfd8 15. Qg4 Rxd1+ 16. Rxd1 Bc8 17. Nf5 gxf5 18. exf5 Bxf5 19. Qc4 Be6 20. Qd3 Bf5
21. Qd6 Qxd6 22. Rxd6 Rb8 23. Bxh6 Bxh6+ 24. Rxh6 Kg7 25. Rd6 Bg4 26. Nxe5 Bf5 27. Nxf7 Rc8 28. Ng5 Ng6 29. h5 Ne7 30. h6+ Kf8
31. h7 Kg7 32. Be6 Rh8 33. Bxf5 Nxf5 34. Rd7+ Kg6 35. Nf7
1-0

[Event "Ready For The Spring Warmth"]
[Site "SchemingMind.com"]
[Date "2013.04.25"]
[Round "-"]
[White "Savage72"]
[Black "eun77"]
[Result "1-0"]
[WhiteCountry "NED"]
[BlackCountry "ISR"]
[WhiteElo "1683"]
[WhiteRD "62"]
[BlackElo "1372"]
[BlackRD "62"]
[GameID "330882"]

1. e4 e5 2. Bc4 d6 3. d4 exd4 4. Nf3 h6 5. Nxd4 Nc6 6. Nxc6 bxc6 7. Nc3 Be7 8. Bf4 Nf6 9. O-O O-O 10. Qd2 Be6
11. Bd3 Nh7 12. Ne2 Bg5 13. Bxg5 Nxg5 14. Ng3 Nh7 15. Qc3 c5 16. f4 Bd7 17. Rae1
1-0

[Event "Ready For The Spring Warmth"]
[Site "SchemingMind.com"]
[Date "2013.04.25"]
[Round "-"]
[White "Savage72"]
[Black "ray winteringham"]
[Result "0-1"]
[WhiteCountry "NED"]
[BlackCountry "ENG"]
[WhiteElo "1683"]
[WhiteRD "62"]
[BlackElo "1583"]
[BlackRD "47"]
[GameID "330883"]

1. e4 e5 2. Bc4 g6 3. Nf3 Bg7 4. c3 Nf6 5. d4 Nxe4 6. dxe5 d6 7. Qd5 Be6 8. Qxb7 Bxc4 9. Qxa8 Nc5 10. Qxa7 Nd3+
11. Kd2 dxe5 12. Qa4+ c6 13. Qxc4 Nxb2+
0-1

[Event "Ready For The Spring Warmth"]
[Site "SchemingMind.com"]
[Date "2013.04.26"]
[Round "-"]
[White "Mitch The Man"]
[Black "Savage72"]
[Result "0-1"]
[WhiteCountry "USA"]
[BlackCountry "NED"]
[WhiteElo "1363"]
[WhiteRD "64"]
[BlackElo "1683"]
[BlackRD "62"]
[GameID "330884"]

1. e4 d6 2. d4 Nf6 3. Qe2 Nbd7 4. h3 e5 5. d5 h6 6. b4 c6 7. dxc6 bxc6 8. Nf3 Be7 9. Qd3 Qc7 10. Be2 g5
11. O-O Nf8 12. Nh2 Ng6 13. Bd2 Nf4 14. Bxf4 gxf4 15. f3 Rg8 16. Nd2 Bxh3 17. Rf2 Rb8 18. a3 h5 19. Kh1 Be6 20. c4 Qb6
21. Rff1 Nh7 22. Qc3 Ng5 23. Rab1 h4 24. Rb2 h3 25. Rf2 Qxf2 26. Nb1 Nxe4 27. Bf1 Ng3#
0-1

[Event "Ready For The Spring Warmth"]
[Site "SchemingMind.com"]
[Date "2013.04.26"]
[Round "-"]
[White "eun77"]
[Black "Savage72"]
[Result "0-1"]
[WhiteCountry "ISR"]
[BlackCountry "NED"]
[WhiteElo "1372"]
[WhiteRD "62"]
[BlackElo "1683"]
[BlackRD "62"]
[GameID "330885"]

1. d4 d6 2. e3 Nf6 3. h3 Nbd7 4. Nf3 e5 5. dxe5 dxe5 6. Be2 c6 7. O-O Be7 8. b3 Qc7 9. Ba3 Bxa3 10. Nxa3 b5
11. c3 a5 12. Nc2 O-O 13. a3 Bb7 14. Nh2 Rad8 15. Qc1 Ne4 16. Ne1 Ndf6 17. Ra2 Rd7 18. Bf3 Rfd8 19. Bxe4 Nxe4
0-1

[Event "Ready For The Spring Warmth"]
[Site "SchemingMind.com"]
[Date "2013.04.25"]
[Round "-"]
[White "ray winteringham"]
[Black "Savage72"]
[Result "0-1"]
[WhiteCountry "ENG"]
[BlackCountry "NED"]
[WhiteElo "1583"]
[WhiteRD "47"]
[BlackElo "1683"]
[BlackRD "62"]
[GameID "330886"]

1. d4 d6 2. e4 Nf6 3. Nc3 Nbd7 4. Bd3 e5 5. Nf3 h6 6. Be3 c6 7. O-O Be7 8. d5 Qc7 9. h3 g5 10. h4 gxh4
11. Nxh4 Nxe4 12. Bxe4 Bxh4 13. Qh5 Be7 14. Bf5 Nf6 15. Qh3 Bxf5 16. Qh2 Bxc2 17. Bg5 O-O-O 18. Bh4 Ng4 19. Qg3 f5 20. Rac1 Bxh4
21. Qxh4 Bd3 22. Rfd1 Bc4 23. b3 Bxd5 24. Nxd5 Qf7 25. f3 Kd7 26. fxg4 cxd5 27. gxf5 Rc8 28. Qa4+ Ke7 29. Qxa7 Rxc1 30. Rxc1 Qxf5
31. Qxb7+ Ke6 32. Rf1 Qg6 33. Qb5 Rg8 34. Qe2 h5 35. Kh1 h4 36. Rg1 Qg3 37. Qh5 Qg5 38. Qf3 e4 39. Qh3+ Qg4 40. Qe3 Rg6
41. a4 Ke5 42. a5 d4 43. Qe1 d5 44. Qf1 e3 45. a6 e2 46. Qf2 d3 47. a7 Ra6 48. Qe3+ Qe4 49. Qg5+ Kd4 50. Qg7+ Qe5
51. Qg4+ Kc3 52. Qxh4 Rxa7 53. Rc1+ Kb2 54. Qe1 Rh7+ 55. Kg1 Qe3+
0-1

[Event "Ready For The Spring Warmth"]
[Site "SchemingMind.com"]
[Date "2013.05.09"]
[Round "-"]
[White "lennart"]
[Black "Mitch The Man"]
[Result "1-0"]
[WhiteCountry "SWE"]
[BlackCountry "USA"]
[WhiteElo "1496"]
[WhiteRD "58"]
[BlackElo "1363"]
[BlackRD "64"]
[GameID "331624"]

1. e4 e5 2. Nf3 d6 3. h3 Be7 4. a3 Bf6 5. Bc4 c6 6. O-O b5 7. Ba2 Ne7 8. Nc3 O-O 9. d3 h6 10. b4 Bd7
11. a4 bxa4 12. Ba3 Nc8 13. Nxa4 c5 14. bxc5 Bxa4 15. Bd5 Bc6 16. Bxc6 Nxc6 17. cxd6 Nxd6 18. c3 Nb5 19. Bxf8 Kxf8 20. Qb3 a6
21. Qa4 Kg8 22. c4 Nbd4 23. Nxd4 Nxd4 24. f3
1-0

[Event "Ready For The Spring Warmth"]
[Site "SchemingMind.com"]
[Date "2013.05.08"]
[Round "-"]
[White "lennart"]
[Black "eun77"]
[Result "1-0"]
[WhiteCountry "SWE"]
[BlackCountry "ISR"]
[WhiteElo "1526"]
[WhiteRD "60"]
[BlackElo "1360"]
[BlackRD "56"]
[GameID "331625"]

1. e4 e5 2. Nc3 d6 3. Nd5 c6 4. Ne3 Nf6 5. h3 Be7 6. d3 O-O 7. Nf3 h6 8. a3 Nh7 9. d4 exd4 10. Nxd4 a6
11. Bd3 c5 12. Nf3 Ng5 13. Nd5 Nxf3+ 14. Qxf3 Be6 15. Nxe7+ Qxe7 16. Qg3 Kh8 17. b3 Qf6 18. Ra2 Qe7 19. O-O Nd7 20. f4 f5
21. Bb2 Kh7 22. e5 g6 23. h4 h5 24. c4 b6 25. b4 cxb4 26. axb4 Rfc8 27. Ba3 d5 28. b5 Qf7 29. Bb4 a5 30. Ba3 dxc4
31. Bb1 c3 32. Rc2 Nc5 33. Rd2 cxd2 34. Bc2
1-0

[Event "Ready For The Spring Warmth"]
[Site "SchemingMind.com"]
[Date "2013.05.08"]
[Round "-"]
[White "lennart"]
[Black "ray winteringham"]
[Result "0-1"]
[WhiteCountry "SWE"]
[BlackCountry "ENG"]
[WhiteElo "1496"]
[WhiteRD "58"]
[BlackElo "1583"]
[BlackRD "47"]
[GameID "331626"]

1. e4 g6 2. Nc3 Bg7 3. Nd5 e6 4. Nf4 Nf6 5. h3 Nc6 6. a3 b6 7. Nf3 Bb7 8. d3 O-O 9. Bd2 d5 10. exd5 exd5
11. Be2 Ne7 12. Bc3 c5 13. b4 d4 14. Bb2 Nfd5 15. Nxd5 Nxd5 16. bxc5 bxc5 17. c4 dxc3 18. Qb3 cxb2 19. Rb1 Rb8 20. O-O Nf4
21. Bd1 Bxf3 22. Bxf3 Rxb3
0-1

[Event "Ready For The Spring Warmth"]
[Site "SchemingMind.com"]
[Date "2013.05.08"]
[Round "-"]
[White "lennart"]
[Black "Savage72"]
[Result "0-1"]
[WhiteCountry "SWE"]
[BlackCountry "NED"]
[WhiteElo "1496"]
[WhiteRD "58"]
[BlackElo "1683"]
[BlackRD "62"]
[GameID "331627"]

1. e4 d6 2. Nf3 Nd7 3. h3 Ngf6 4. d3 e5 5. a3 h6 6. Be3 c6 7. Be2 Be7 8. Nc3 Qc7 9. O-O g5 10. Nh2 Nf8
11. d4 Ng6 12. d5 Nf4 13. Bxf4 gxf4 14. f3 Rg8 15. dxc6 bxc6 16. Kf2 Nh5 17. Bc4 Ng3 18. Re1 Bh4 19. Ng4 Nxe4+ 20. Kg1 Nxc3
21. bxc3 Bxg4 22. hxg4 Bxe1 23. Qxe1 Qe7 24. Qe4 Kd7 25. Bb3 Rg7 26. Ba4 Rc8 27. c4 Qg5 28. Rd1 h5 29. Rd5 Ke7 30. Rd2 hxg4
31. Bxc6 gxf3 32. Qxf3 f5 33. c5 e4 34. cxd6+ Kd8 35. Qc3 Rxc6 36. Qa5+ Rb6 37. c4 f3 38. c5 Qxd2 39. Qxd2 Rxg2+
0-1

[Event "Ready For The Spring Warmth"]
[Site "SchemingMind.com"]
[Date "2013.05.09"]
[Round "-"]
[White "Mitch The Man"]
[Black "lennart"]
[Result "0-1"]
[WhiteCountry "USA"]
[BlackCountry "SWE"]
[WhiteElo "1363"]
[WhiteRD "64"]
[BlackElo "1496"]
[BlackRD "58"]
[GameID "331628"]

1. g4 e5 2. Bg2 c6 3. b3 h6 4. Bb2 d6 5. h3 Nf6 6. e3 Na6 7. Ne2 Qb6 8. O-O Be6 9. a3 Be7 10. Nec3 O-O
11. Na4 Qa5 12. Bc3 Qd8 13. Qe2 b5 14. Nb2 Rb8 15. Bxc6 d5 16. Bxb5 Nc7 17. Bxe5 Bd6 18. Bxd6 Qxd6 19. Ba4 Rfc8 20. Kg2 d4
21. d3 g5 22. e4 Kg7 23. Qf3 Na6
0-1

[Event "Ready For The Spring Warmth"]
[Site "SchemingMind.com"]
[Date "2013.05.08"]
[Round "-"]
[White "ray winteringham"]
[Black "lennart"]
[Result "0-1"]
[WhiteCountry "ENG"]
[BlackCountry "SWE"]
[WhiteElo "1583"]
[WhiteRD "47"]
[BlackElo "1496"]
[BlackRD "58"]
[GameID "331630"]

1. e4 e5 2. Nf3 Nc6 3. d3 h6 4. g3 a6 5. Bg2 Nf6 6. Be3 a5 7. Nc3 b6 8. O-O Rb8 9. Nb5 d5 10. exd5 Nxd5
11. c4 Nxe3 12. fxe3 Be7 13. Qa4 Bb7 14. Nxe5 O-O 15. Nf3 Qxd3 16. Rfe1 Bc5 17. Qb3 Qh7 18. Nxc7 Bc8 19. Nd2 Ne5 20. Nd5 Rd8
21. Ne4 Bf8 22. h4 Bf5 23. Qd3 Nxd3 24. Rf1 Bxe4 25. Bxe4 Qxe4 26. Rf4 Nxf4
0-1

[Event "Ready For The Spring Warmth"]
[Site "SchemingMind.com"]
[Date "2013.05.09"]
[Round "-"]
[White "Savage72"]
[Black "lennart"]
[Result "1-0"]
[WhiteCountry "NED"]
[BlackCountry "SWE"]
[WhiteElo "1683"]
[WhiteRD "62"]
[BlackElo "1496"]
[BlackRD "58"]
[GameID "331631"]

1. e4 e5 2. Bc4 Nf6 3. d4 Nxe4 4. dxe5 Nc5 5. Nf3 Ne6 6. Nc3 h6 7. O-O a6 8. Be3 c6 9. a4 a5 10. Ne4 Be7
11. Nd6+ Bxd6 12. Qxd6 Na6 13. c3 Nac7 14. Rad1 Rg8 15. Bb6 Qe7 16. Bxc7 Qxd6 17. Bxd6 Ng5 18. Nxg5 hxg5 19. Rd3 b6 20. Rf3 Rh8
21. Bxf7+ Kd8 22. Bg6 Ba6 23. Re1 Bc4 24. Bf7 Ba6 25. c4 c5 26. Rg3 Rh7 27. Rxg5 g6 28. Bxg6 Rg7 29. b3 Rc8 30. Re4 Rc6
31. Rf4 Kc8 32. Rf7 Rxf7 33. Bxf7 Kb7 34. Rg8 Ka7 35. h4
1-0

[Event "Ready For The Spring Warmth"]
[Site "SchemingMind.com"]
[Date "2013.05.16"]
[Round "-"]
[White "fouche"]
[Black "Mitch The Man"]
[Result "1-0"]
[WhiteCountry "COL"]
[BlackCountry "USA"]
[WhiteElo "1571"]
[WhiteRD "61"]
[BlackElo "1393"]
[BlackRD "67"]
[GameID "331936"]

1. d4 d5 2. c4 Bf5 3. Nc3 e6 4. Nf3 c6 5. e3 Be7 6. cxd5 exd5 7. Bd3 Bxd3 8. Qxd3 Nh6 9. O-O O-O 10. e4 Na6
11. exd5 cxd5 12. Bxh6 gxh6 13. Ne5 Bf6 14. Rad1 Nb4 15. Qb1 Bg7 16. a3 Na6 17. Qf5 Nc7 18. Rd3 Ne6 19. Rfd1 a6 20. Rg3 Rc8
21. Ng4 Nc7 22. Nxh6+
1-0

[Event "Ready For The Spring Warmth"]
[Site "SchemingMind.com"]
[Date "2013.05.15"]
[Round "-"]
[White "fouche"]
[Black "lennart"]
[Result "1-0"]
[WhiteCountry "COL"]
[BlackCountry "SWE"]
[WhiteElo "1571"]
[WhiteRD "61"]
[BlackElo "1526"]
[BlackRD "60"]
[GameID "331937"]

1. d4 c6 2. e4 d5 3. Nc3 dxe4 4. Nxe4 Nf6 5. Ng3 e6 6. Nf3 Bd6 7. Bd3 h6 8. Bd2 O-O 9. O-O Qb6 10. Rb1 c5
11. Be3 Nc6 12. c3 Bxg3 13. dxc5 Qc7 14. hxg3 a6 15. Qe2 Ng4 16. a3 Nxe3 17. Qxe3 Rd8 18. Rbd1 Re8 19. Qe4 g6 20. Nh4 Ne5
21. f4 Qxc5+ 22. Kh1 Rd8 23. fxe5
1-0

[Event "Ready For The Spring Warmth"]
[Site "SchemingMind.com"]
[Date "2013.05.15"]
[Round "-"]
[White "fouche"]
[Black "ray winteringham"]
[Result "1-0"]
[WhiteCountry "COL"]
[BlackCountry "ENG"]
[WhiteElo "1571"]
[WhiteRD "61"]
[BlackElo "1539"]
[BlackRD "50"]
[GameID "331939"]

1. f4 g5 2. fxg5 e5 3. Nc3 Qxg5 4. Nf3 Qe7 5. e4 b6 6. d4 Bg7 7. d5 h6 8. Bc4 d6 9. O-O f5 10. Be3 f4
11. Bf2 Bg4 12. Qd3 Nd7 13. b4 Ngf6 14. h3 Bh5 15. a4 O-O 16. Ne2 c5 17. c3 Bg6 18. b5 Bh5 19. a5 Bg6 20. Nd2 Rad8
21. axb6 axb6 22. Ra7 Ra8 23. Rfa1 Rxa7 24. Rxa7 Rb8 25. Bb3 Qd8 26. c4 Ra8 27. Rxa8 Qxa8 28. Bc2 h5 29. Qb3 Bh6 30. Nc1 f3
31. Be3 Bxe3+ 32. Qxe3 fxg2 33. Kxg2 Kh7 34. Ne2 Qg8 35. Kh2 Kh8 36. Qh6+ Qh7 37. Qe3 Kg8 38. Nc3 Nf8 39. Nf3 Ng4+ 40. hxg4 hxg4+
41. Kg1 gxf3 42. Qxf3 Qg7 43. Kf2 Qh6 44. Ne2 Nh7 45. Qg4 Qf8+ 46. Kg3 Qf7 47. Kg2 Kf8 48. Qf3 Ke7 49. Qxf7+ Kxf7 50. Nc3 Nf8
51. Kg3 Nd7 52. Bd1 Kf6 53. Bg4 Kg5 54. Bxd7
1-0

[Event "Ready For The Spring Warmth"]
[Site "SchemingMind.com"]
[Date "2013.05.16"]
[Round "-"]
[White "fouche"]
[Black "Savage72"]
[Result "1-0"]
[WhiteCountry "COL"]
[BlackCountry "NED"]
[WhiteElo "1571"]
[WhiteRD "61"]
[BlackElo "1699"]
[BlackRD "66"]
[GameID "331940"]

1. c4 d6 2. d4 Nd7 3. Nc3 Ngf6 4. Nf3 e5 5. e4 h6 6. Be3 c6 7. Bd3 Qc7 8. d5 Be7 9. O-O g5 10. h3 Nf8
11. Rc1 Ng6 12. b4 Nf4 13. Kh2 Rg8 14. c5 g4 15. Bxf4 exf4 16. Ng1 gxh3 17. gxh3 h5 18. Qf3 dxc5 19. bxc5 cxd5 20. Nxd5 Nxd5
21. exd5 Bxc5 22. Rfe1+ Kf8 23. Bb5 Bf5 24. Ne2 a6 25. Ba4 Qa5 26. Bb3 Bb4 27. Nd4 Bxe1 28. Nxf5 Bd2 29. Rc2 Rd8 30. Qd3 Rg6
31. Rxd2
1-0

[Event "Ready For The Spring Warmth"]
[Site "SchemingMind.com"]
[Date "2013.05.16"]
[Round "-"]
[White "Mitch The Man"]
[Black "fouche"]
[Result "1-0"]
[WhiteCountry "USA"]
[BlackCountry "COL"]
[WhiteElo "1393"]
[WhiteRD "67"]
[BlackElo "1571"]
[BlackRD "61"]
[GameID "331941"]

1. e4 c6 2. d4 d5 3. e5 Bf5 4. f3 e6 5. Bd3 Bxd3 6. Qxd3 Bb4+ 7. c3 Ba5 8. Be3 Ne7 9. Ne2 Nd7 10. O-O O-O
11. b4 Bc7 12. Nd2 f6 13. Nf4 Kf7 14. Qxh7 Rh8 15. Qd3 f5 16. g3 g5 17. Ne2 Kg6 18. g4 Qf8 19. Rf2 Rh6 20. Ng3 Qf7
21. Nh5 Rah8 22. h4 Rxh5 23. gxh5+ Rxh5 24. Bxg5 Nf8 25. Rg2 Nh7 26. Bxe7+ Kh6 27. Bg5+ Nxg5 28. hxg5+ Kg6 29. f4 b6 30. Re1 Qh7
31. Kf2 Rh3 32. Nf3 Qh5 33. Re3 c5 34. Ke2 c4 35. Qd1 a5 36. Qa4 axb4 37. Qe8+ Kg7 38. Qxh5
1-0

[Event "Ready For The Spring Warmth"]
[Site "SchemingMind.com"]
[Date "2013.05.15"]
[Round "-"]
[White "lennart"]
[Black "fouche"]
[Result "0-1"]
[WhiteCountry "SWE"]
[BlackCountry "COL"]
[WhiteElo "1526"]
[WhiteRD "60"]
[BlackElo "1571"]
[BlackRD "61"]
[GameID "331942"]

1. e4 c6 2. Nc3 d5 3. e5 Bf5 4. h3 e6 5. a3 Nd7 6. d4 Ne7 7. Nf3 c5 8. Bb5 Nc6 9. O-O Be7 10. Re1 a6
11. Bxc6 bxc6 12. dxc5 Nxc5 13. Nd4 Qc7 14. Bf4 Bg6 15. Qg4 O-O 16. b4 Nd7 17. h4 h5 18. Qg3 c5 19. bxc5 Bxc5 20. Nce2 Rfc8
21. Ra2 Bxd4 22. Nxd4 Qc4 23. Nb3 a5 24. a4 Qb4 25. Bd2 Qg4 26. Qe3 Rxc2 27. Rxc2 Bxc2 28. Nd4 Bg6 29. Nf3 Qxa4 30. g4 Qxg4+
31. Kh2 Bf5 32. Ng1 Qxh4+ 33. Nh3 Nxe5
0-1

[Event "Ready For The Spring Warmth"]
[Site "SchemingMind.com"]
[Date "2013.05.15"]
[Round "-"]
[White "ray winteringham"]
[Black "fouche"]
[Result "1/2-1/2"]
[WhiteCountry "ENG"]
[BlackCountry "COL"]
[WhiteElo "1539"]
[WhiteRD "50"]
[BlackElo "1571"]
[BlackRD "61"]
[GameID "331944"]

1. d4 Nf6 2. Nc3 e6 3. Bg5 Be7 4. e4 O-O 5. Bd3 Nc6 6. Nge2 b6 7. O-O Bb7 8. h3 h6 9. Be3 d5 10. e5 Nd7
11. a3 Na5 12. b4 Nc4 13. Bxc4 dxc4 14. Qd2 g5 15. Ng3 Kh8 16. Nh5 Rg8 17. Ne2 Kh7 18. f4 f6 19. b5 a6 20. a4 a5
21. c3 Be4 22. Neg3 Bg6 23. fxg5 fxg5 24. Rf2 Bxh5 25. Nxh5 Rg6 26. Rf7+ Kh8 27. Raf1 Qe8 28. h4 Rd8 29. R1f2 Kg8 30. Qc2 Nf8
31. Rxf8+ Bxf8 32. Rxf8+ Qxf8 33. Qxg6+ Kh8 34. Nf6 Qg7 35. Qh5 c5 36. hxg5 cxd4 37. Bxd4 Qxg5 38. Qf7 Qg7 39. Qxe6 Rf8 40. Qxb6 Qg3
41. Qc5 Qe1+ 42. Kh2 Qh4+ 43. Kg1 Qe1+ 44. Kh2 Qh4+ 45. Kg1=
1/2-1/2

[Event "Ready For The Spring Warmth"]
[Site "SchemingMind.com"]
[Date "2013.05.16"]
[Round "-"]
[White "Savage72"]
[Black "fouche"]
[Result "1-0"]
[WhiteCountry "NED"]
[BlackCountry "COL"]
[WhiteElo "1699"]
[WhiteRD "66"]
[BlackElo "1571"]
[BlackRD "61"]
[GameID "331945"]

1. e4 e6 2. Nf3 d5 3. e5 c5 4. b4 Nc6 5. a3 a6 6. bxc5 Bxc5 7. d4 Ba7 8. c3 Nge7 9. Bd3 Ng6 10. O-O O-O
11. a4 Nb8 12. Bg5 Qa5 13. h4 h6 14. Bd2 Qc7 15. Qc1 Nd7 16. h5 Ne7 17. Bxh6 gxh6 18. Qxh6 Nf5 19. Bxf5 exf5 20. Ng5
1-0